000 00575nam a22001937a 4500
999 _c442462
_d442462
003 UA-OsUOA
005 20191008113236.0
008 191008b un ||||| |||| 00| 0 ukr d
040 _aUA-OsUOA
_bukr
_cUA-OsUOA
_dUA-OsUOA
041 _aukr
080 _a821.161.2
090 _a821.161.2
_bТ81
100 _aТудор С.
245 _aТвори
_bпоезії, оповідання, повісті
_cСтепан Тудор ; упоряд. П. М. Довгалюк
260 _aКиїв
_bДніпро
_c1982
300 _a547 с.
942 _2udc
_cBK
955 _a3